|
|
|
|
| LEADER |
00643nam a22001932a 4500 |
| 001 |
001364648 |
| 003 |
CZ BrMZK |
| 005 |
20140207100512.0 |
| 007 |
ta |
| 008 |
140205s1965 ru er|||||||||||rus d |
| 040 |
|
|
|a BOA001
|b cze
|
| 100 |
1 |
|
|a Brandis, Jevgenij Pavlovič,
|d 1916-1985
|7 jx20071122026
|4 aut
|
| 245 |
1 |
0 |
|a Ot Ezopa do Džanni Rodari :
|b zarubežnaja literatura v detskom i junošeskom čtenii /
|c Jevgenij Pavlovič Brandis
|
| 260 |
|
|
|a Moskva :
|b Prosveščenije,
|c 1965
|
| 300 |
|
|
|a 311 s.
|
| 910 |
|
|
|a BOA001
|b 2-0538.372
|
| 990 |
|
|
|a BK
|
| 991 |
|
|
|b 201401
|
| 996 |
7 |
|
|b 2619037349
|c 2-0538.372
|l HP2
|r DEN
|n 0
|w 001399470
|u 000010
|a 1
|e BOA001
|j MZK50
|s A
|